Normal view
MARC view
Entry Personal Name
001 - CONTROL NUMBER
- control field: 73633
003 - CONTROL NUMBER IDENTIFIER
- control field: dpl
005 - DATE AND TIME OF LATEST TRANSACTION
- control field: 20241029141911.0
008 - FIXED-LENGTH DATA ELEMENTS
- fixed length control field: 241029|| aca||aabn | a|a d
040 ## - CATALOGING SOURCE
- Original cataloging agency: dpl
- Transcribing agency: dpl
100 ## - HEADING--PERSONAL NAME
- Personal name: Bath,Nani
670 ## - SOURCE DATA FOUND
- Source citation: Work cat.: (dpl)206859: Bath,Nani, From India to India/, 2023
